|
|
|
|
| LEADER |
00751nta a2200169 i 4500 |
| 001 |
dipl50334 |
| 005 |
20150415180658.0 |
| 008 |
150415s2013 hu om 0|| zxx d |
| 040 |
|
|
|a SZTE Diploma Repozitórium
|b hun
|
| 041 |
|
|
|a zxx
|
| 100 |
1 |
|
|a Ámon Judit
|
| 245 |
1 |
0 |
|a RNS interferencia lehetőségének vizsgálata az opportunista patogén Candida parapsilosis LIP2 gén csendesítésére
|h [elektronikus dokumentum] /
|c Judit Ámon
|
| 246 |
1 |
0 |
|a Study of RNA interference in the opportunistic pathogen Candida parapsilosis
|h [elektronikus dokumentum]
|
| 260 |
|
|
|c 2013
|
| 650 |
|
4 |
|a Természettudományok
|
| 700 |
1 |
|
|a Hamari Zsuzsanna
|e ths
|
| 856 |
4 |
0 |
|u http://diploma.bibl.u-szeged.hu/id/eprint/50334/1/2013_%C3%81mon_Judit_AMJQAAT_SZE_SZ.pdf
|z Dokumentum-elérés
|